000 01029nam0a2200313 i 4500
001 RU\NLR\BIBL_A\011103228
005 20260405205054.0
010 _a9785170941162
_92000
021 _aRU
_b2016-24068
_91529
035 _a(NILC)RuMoRGB-008261538
035 _a(NLR Aleph) 011103228
090 _a11431835
_c11431835
100 _a20160415d2016 u y0rusy50 ca
101 1 _arus
_ceng
102 _aRU
105 _ay|||z|||000
200 1 _aБен-Гур
_e[роман]
_fЛью Уоллес
_g[пер. с англ. В. Д. Кайдалова]
210 _aМосква
_cАСТ
_d2016
215 _a638, [1] с.
_d21
225 1 _aЗарубежная классика
333 _a16+
675 _a821.111(73)
686 1 _aШ6(7США)57-442{Лх1977-51}
700 1 _8rus
_7ca
_aУоллес
_bЛ.
_cполит. деятель, писатель
_f1827-1905
_gЛью
_3RU\NLR\AUTH\7792352
_975279
801 0 _aRU
_bРГБ
_c20160330
_gRCR
942 _cBOOK
980 _aNBR